000 00427nam a2200133Ia 4500
005 20260328101443.0
008 260328s9999||||xx |||||||||||||| ||und||
100 _aVaras, Alberto
245 0 _aEl Laboratorio de Arquitectura :
_b Aspectos de trabajo experimental sobre el Proyecto arquitectónico y Urbano /
_cAlberto Varas
260 _bCentro de Arte y Comunicación
300 _a54 p.
650 _aARQUITECTURA
942 _cBK
999 _c8362
_d8362